[Event "Robecchetto Autunn op 10th"]
[Site "Robecchetto"]
[Date "2013.10.17"]
[Round "3"]
[White "Giusti, Francesco"]
[Black "Colombo, Maurizio"]
[Result "0-1"]
[WhiteElo "1589"]
[BlackElo "1786"]
[PlyCount "31"]
[EventDate "2013.10.03"]
[EventType "swiss"]
[EventRounds "7"]
[EventCountry "ITA"]
[SourceTitle "EXT 2015"]
[Source "ChessBase"]
[SourceDate "2014.11.20"]
[SourceVersion "1"]
[SourceVersionDate "2014.11.20"]
[SourceQuality "1"]

1. e4 c5 2. d4 cxd4 3. Qxd4 Nc6 4. Qe3 e6 5. Nf3 Nf6 6. Be2 b6 7. 0-0 Bb7 8. a3 Qc7 9. b4 Ne5 10. Nfd2 Qxc2 11. Nc3 Rc8 12. Ra2 Qxc3 13. Qf4 Ng6 14. Qg5 Qe5 15. Qe3 Rc3 16. Nf3 0-1

[Event "Robecchetto Spring op 10th"]
[Site "Robecchetto"]
[Date "2013.05.09"]
[Round "5"]
[White "Colombo, Maurizio"]
[Black "Barrera, Pietro"]
[Result "1/2-1/2"]
[WhiteElo "1769"]
[BlackElo "1902"]
[PlyCount "45"]
[EventDate "2013.04.04"]
[EventType "swiss"]
[EventRounds "7"]
[EventCountry "ITA"]
[SourceTitle "EXT 2024"]
[Source "ChessBase"]
[SourceDate "2023.10.10"]
[SourceVersion "1"]
[SourceVersionDate "2023.10.10"]
[SourceQuality "1"]

1. d4 f5 2. Bg5 d6 3. Nc3 Nf6 4. Bxf6 exf6 5. e3 d5 6. a3 c6 7. Nh3 Bd6 8. Bd3 0-0 9. Qd2 Qc7 10. g3 Re8 11. 0-0-0 b5 12. Nb1 a5 13. b3 Bd7 14. Nf4 Na6 15. Kb2 Qb7 16. Ne2 Rec8 17. Rhe1 Nc7 18. c3 b4 19. cxb4 axb4 20. a4 g6 21. h4 Ne8 22. h5 g5 23. Qc2 1/2-1/2

[Event "Robecchetto op "]
[Site "Robecchetto"]
[Date "2013.01.10"]
[Round "5"]
[White "Ottolini, Graziano"]
[Black "Colombo, Maurizio"]
[Result "1/2-1/2"]
[WhiteElo "2013"]
[BlackElo "1694"]
[PlyCount "71"]
[EventDate "2012.12.06"]
[EventType "swiss"]
[EventRounds "6"]
[EventCountry "ITA"]
[SourceTitle "EXT 2024"]
[Source "ChessBase"]
[SourceDate "2023.10.10"]
[SourceVersion "1"]
[SourceVersionDate "2023.10.10"]
[SourceQuality "1"]

1. Nf3 Nf6 2. g3 g6 3. b4 Bg7 4. Bb2 0-0 5. c4 d6 6. Bg2 c6 7. 0-0 Na6 8. Qb3 Qb6 9. a3 Nc5 10. Qc2 Ne6 11. Nc3 Bd7 12. e3 Rfc8 13. d4 Qc7 14. Rac1 a5 15. Rfd1 axb4 16. axb4 d5 17. c5 Nf8 18. b5 Bf5 19. Qb3 N8d7 20. h3 h5 21. b6 Qd8 22. Nh4 Qe8 23. Nxf5 gxf5 24. Ra1 Ne4 25. Nxe4 fxe4 26. Bf1 f5 27. Ra7 Rab8 28. h4 Qg6 29. Be2 Nf6 30. Rda1 Ng4 31. R1a3 Bf6 32. Kf1 Nh2+ 33. Kg2 Ng4 34. Qd1 e6 35. Bxg4 Qxg4 36. Qxg4+ 1/2-1/2

[Event "Robecchetto Spring op 9th"]
[Site "Robecchetto"]
[Date "2012.04.26"]
[Round "3"]
[White "Colombo, Maurizio"]
[Black "Testa, Loris"]
[Result "1/2-1/2"]
[WhiteElo "1745"]
[BlackElo "1887"]
[PlyCount "32"]
[EventDate "2012.04.12"]
[EventType "swiss"]
[EventRounds "7"]
[EventCountry "ITA"]
[SourceTitle "EXT 2024"]
[Source "ChessBase"]
[SourceDate "2023.10.10"]
[SourceVersion "1"]
[SourceVersionDate "2023.10.10"]
[SourceQuality "1"]

1. d4 d5 2. c4 c6 3. Nf3 Nf6 4. Nc3 e6 5. e3 Bd6 6. Bd3 dxc4 7. Bxc4 b5 8. Bd3 Bb7 9. 0-0 0-0 10. Qe2 Nbd7 11. Rd1 Qc7 12. e4 e5 13. d5 b4 14. dxc6 Bxc6 15. Nb5 Bxb5 16. Bxb5 Nc5 1/2-1/2

[Event "Robecchetto op 21th Autumn"]
[Site "Robecchetto"]
[Date "2010.10.07"]
[Round "1"]
[White "Rosescu, Liviu"]
[Black "Colombo, Maurizio"]
[Result "0-1"]
[WhiteElo "1494"]
[BlackElo "1775"]
[PlyCount "110"]
[EventDate "2010.10.07"]
[EventType "swiss"]
[EventRounds "7"]
[EventCountry "ITA"]
[SourceTitle "EXT 2024"]
[Source "ChessBase"]
[SourceDate "2023.10.10"]
[SourceVersion "1"]
[SourceVersionDate "2023.10.10"]
[SourceQuality "1"]

1. c4 Nf6 2. d4 g6 3. Nc3 Bg7 4. e4 d6 5. Nf3 0-0 6. Be3 e5 7. dxe5 dxe5 8. Qxd8 Rxd8 9. c5 a6 10. Bc4 h6 11. 0-0 Nc6 12. a3 Be6 13. Bxe6 fxe6 14. Rfd1 Ng4 15. Bd2 Nd4 16. h3 Nf6 17. b4 Nxf3+ 18. gxf3 Rd3 19. Kg2 Nh5 20. Be1 Rad8 21. Rxd3 Rxd3 22. Rd1 Nf4+ 23. Kf1 Rxd1 24. Nxd1 Nxh3 25. Kg2 Nf4+ 26. Kg3 Ne2+ 27. Kg2 h5 28. Bd2 Nd4 29. Nb2 Bf6 30. Nc4 g5 31. Na5 b6 32. cxb6 cxb6 33. Nc4 b5 34. Na5 Kf7 35. Nb7 Nb3 36. Be3 Be7 37. Nc5 Nxc5 38. bxc5 Ke8 39. Bd2 Bxc5 40. Bxg5 Bxa3 41. Kf1 Bc5 42. f4 exf4 43. Bxf4 b4 44. Ke2 Kd7 45. Bg5 Kc6 46. f4 Kb5 47. Kd3 a5 48. f5 exf5 49. exf5 Bf8 50. f6 a4 51. f7 a3 52. Kc2 Kc4 53. Bf6 b3+ 54. Kb1 a2+ 55. Kb2 h4 0-1